Llwytho...

Receptors and recognition V 4

Manylion Llyfryddiaeth
Prif Awdur: Cuatrecasas, P
Fformat: Printed Book
Iaith:Undetermined
English
Cyhoeddwyd: London Chapman And Hall 1977
Pynciau:
LEADER 00589nam a2200193Ia 4500
008 140306s9999 xx 000 0 und d
041 |a eng 
082 |a 574.8  |b CUA/RE 
100 |a Cuatrecasas, P 
245 |a Receptors and recognition V 4 
260 |a London  |b Chapman And Hall  |c 1977 
300 |a 258 
365 |b Rs 86 
650 |a Cell biology 
650 |a Cytology 
650 |a Histology 
942 |2 ddc  |c BK 
999 |c 108592  |d 108592 
952 |0 0  |1 0  |2 ddc  |4 0  |6 574_800000000000000_CUARE  |7 0  |9 105952  |a KAUHCV  |b KAUHCV  |d 2004-03-22  |g 86.00  |o 574.8 CUA/RE  |p KAU_HCV-13004  |r 2014-03-22  |w 2014-03-22  |y BK